00661nam a2200205Ia 4500008004000000020001800040041000800058082002000066100001800086245002700104260003900131300001300170650001400183650001700197690001700214700002400231906001100255999001900266952017000285210210b2019 xxu||||| |||| 00| 0 eng d a9788190639699 aeng a574.192028 AGAP aAGARKAR (P H) aPractical biochemistry aNew DelhibNirali prakashan.c2019 aviii,158 aPractical abiochemistry aBiochemistry aKULKARNI (Jayant S) a074135 c123844d123844 00102ddc40708BIOCaALbALd2021-02-17eSapna Book House Pvt Ltd, K S Rao Road, Mangaloreg140.00l0o574.192028 AGAPp074135r2021-02-17 00:00:00w2021-02-17yBK